| 000 | 00784nac a22002171u 4500 | ||
|---|---|---|---|
| 008 | 100915s2000 mau|||||rill 001 0 eng d | ||
| 010 | _a99032638 | ||
| 020 | _a007109282X (acid-free paper) | ||
| 082 | 0 | 0 |
_a629.1 _bAND _222 |
| 100 |
_aAnderson, John David. _919205 |
||
| 245 | 1 | 0 |
_aIntroduction to Flight / _cJohn D. Anderson, Jr. |
| 250 | _a4th ed. | ||
| 260 |
_aBoston : _bMcGraw-Hill, _cc2000. |
||
| 300 |
_axvii, 766 p. : _bill. ; _c24 cm. |
||
| 500 | _aIncludes index. | ||
| 650 | 0 |
_aAerodynamics. _919206 |
|
| 650 | 0 |
_aAirplanes _xDesign and construction. _919207 |
|
| 856 | 4 | 2 |
_3Publisher description _uhttp://www.loc.gov/catdir/description/mh023/99032638.html |
| 856 | 4 | 2 |
_3Table of contents _uhttp://www.loc.gov/catdir/toc/mh023/99032638.html |
| 942 |
_cBB _k629.1AND _2ddc |
||
| 999 |
_c744 _d744 |
||